000 00576nam a2200205Ia 4500
003 GCL
008 140319s9999 xx 000 0 eng d
040 _aGCL /
_cGCL
082 0 4 _a892.7
_bV
100 1 _aCAETANI, L.
245 1 0 _aCRONOGRAFIA GENERALE : DEL BACINO MEDITERRANEO E DELL'ORIENTE MUSULMANO /
_cCAETANI, L.
260 _a[S.N] :
_bACCADEMIA NAZIONALE DEI LINCEI ،
_c1923
300 _a327 P
650 0 4 _aحوادث المرور
650 0 4 _aMANUSCRIPTS
650 0 4 _aARABIC LANGUAGE
650 0 4 _aBIBLIOGRAPHIES
650 0 4 _aARABIC
942 _2ddc
_cBK
999 _c12486
_d12486